000 00763nam a2200181Ia 4500
008 151202s9999||||xx |||||||||||||| ||und||
082 _bPNVM-19656
100 _aदेवल गो. ब.
245 _aएकाच दिवसाची चुकामूक अर्थात दुर्गा नाटक.
260 _b"वि. ह. बर्वे, पुणे."
260 _c1940
300 _a75
600 _aदेवल गो. ब.
630 _aएकाच दिवसाची चुकामूक अर्थात दुर्गा नाटक.
700 _aदेवल गो. ब.
730 _aएकाच दिवसाची चुकामूक अर्थात दुर्गा नाटक.
942 _cBOOK
999 _c1285636
_d1285633